Statistiche per Riconosci il film - n°4

Clicka qui per fare il quiz!

Statistiche generali

  • Questo quiz è stato fatto 22 volte
  • Il punteggio medio è 10 su 20

Statistiche sulle risposte

RegistaAnnoCastFilm% Corretto
Francis Ford Coppola1972Marlon Brando, Al Pacino, James Caan, Diane KeatonIl padrino
86%
Chris Columbus1990Macaulay Culkin, Joe Pesci, John Heard, Catherine O'HaraMamma ho perso l'aereo
73%
Brian De Palma1996Tom Cruise, Jon Voight, Emmanuelle Béart, Henry CzernyMission: Impossible
64%
Ron Howard2006Tom Hanks, Audrey Tautou, Ian McKellen, Jean RenoIl codice da Vinci
55%
Martin Scorsese2010Leonardo DiCaprio, Mark Ruffalo, Ben Kingsley, Michelle WilliamsShutter Island
55%
Peter Farrelly2018Viggo Mortensen, Mahershala Ali, Linda CardelliniGreen Book
50%
David Fincher2014Ben Affleck, Rosamund Pike, Neil Patrick Harris, Emily RatajkowskiL'amore bugiardo - Gone Girl
50%
Robert Stromberg2014Angelina Jolie, Elle Fanning, Sam Riley, Sharlto CopleyMaleficent - Il segreto della bella addormentata
50%
Mark Waters2004Lindsay Lohan, Rachel McAdams, Amanda Seyfried, Tina FeyMean Girls
50%
Chris Columbus1993Robin Williams, Pierce Brosnan, Sally Field, Matthew LawrenceMrs. Doubtfire - Mammo per sempre
50%
Gary Ross2012Jennifer Lawrence, Josh Hutcherson, Liam Hemsworth, Lenny Kravitz, Elizabeth BanksHunger Games
45%
Stephen Sommers1999Brendan Fraser, Rachel Weisz, John Hannah, Arnold VoslooLa mummia
45%
Paul King2023Timothée Chalamet, Olivia Colman, Hugh Grant, Rowan AtkinsonWonka
45%
Tom Hooper2010Colin Firth, Geoffrey Rush, Helena Bonham Carter, Michael GambonIl discorso del re
41%
Ang Lee2005Heath Ledger, Jake Gyllenhaal, Michelle Williams, Anne HathawayI segreti di Brokeback Mountain
41%
Anthony Minghella1999Matt Damon, Gwyneth Paltrow, Jude Law, Cate BlanchettIl talento di Mr. Ripley
36%
Victor Fleming1939Vivien Leigh, Clark Gable, Leslie Howard, Olivia de HavillandVia col vento
36%
Robert Luketic2008Jim Sturgess, Kevin Spacey, Kate Bosworth, Laurence Fishburne21
27%
Adam Shankman2007John Travolta, Zac Efron, Michelle Pfeiffer, Nikki BlonskyHairspray - Grasso è bello
27%
Gary Winick2009Kate Hudson, Anne Hathaway, Chris Pratt, Bryan GreenbergBride Wars - La mia migliore nemica
23%

Distribuzione punteggi

Percentile per numero di risposta

Percentuale di utenti per punteggio

I tuoi punteggi nel tempo

Non hai fatto questo quiz